LEADER 01342oam 2200457zu 450 001 9910130737103321 005 20210921180854.0 010 $a1-119-94026-5 010 $a1-119-94573-9 035 $a(CKB)3400000000085546 035 $a(SSID)ssj0000677588 035 $a(PQKBManifestationID)11932001 035 $a(PQKBTitleCode)TC0000677588 035 $a(PQKBWorkID)10694262 035 $a(PQKB)10700537 035 $a(EXLCZ)993400000000085546 100 $a20160829d2012 uy 101 0 $aeng 181 $ctxt 182 $cc 183 $acr 200 10$aForensic botany : a practical guide 210 31$a[Place of publication not identified]$cJohn Wiley & Sons$d2012 300 $aBibliographic Level Mode of Issuance: Monograph 311 1 $a0-470-66409-6 606 $aForensic botany$vHandbooks, manuals, etc 606 $aBotany$2HILCC 606 $aEarth & Environmental Sciences$2HILCC 606 $aBotany - General$2HILCC 615 0$aForensic botany 615 7$aBotany 615 7$aEarth & Environmental Sciences 615 7$aBotany - General 676 $a363.25/62 700 $aHall$b David W$086645 702 $aByrd$b Jason H 801 0$bPQKB 906 $aBOOK 912 $a9910130737103321 996 $aForensic botany : a practical guide$92252360 997 $aUNINA LEADER 01846oam 2200481M 450 001 9910716258803321 005 20200213070505.6 035 $a(CKB)5470000002519536 035 $a(OCoLC)1065774217 035 $a(OCoLC)995470000002519536 035 $a(EXLCZ)995470000002519536 100 $a20071213d1926 ua 0 101 0 $aeng 135 $aurcn||||||||| 181 $ctxt$2rdacontent 182 $cc$2rdamedia 183 $acr$2rdacarrier 200 10$aBridge across the Tennessee River near Whitesburg Ferry, Ala. March 6 (calendar day, March 8), 1926. -- Ordered to be printed 210 1$a[Washington, D.C.] :$c[U.S. Government Printing Office],$d1926. 215 $a1 online resource (2 pages) 225 1 $aSenate report / 69th Congress, 1st session. Senate ;$vno. 290 225 1 $a[United States congressional serial set ] ;$v[serial no. 8524] 300 $aBatch processed record: Metadata reviewed, not verified. Some fields updated by batch processes. 300 $aFDLP item number not assigned. 517 $aBridge across the Tennessee River near Whitesburg Ferry, Ala. March 6 606 $aBridge construction industry 606 $aBridges$xDesign and construction 606 $aBridges 606 $aLegislative amendments 608 $aLegislative materials.$2lcgft 615 0$aBridge construction industry. 615 0$aBridges$xDesign and construction. 615 0$aBridges. 615 0$aLegislative amendments. 701 $aBingham$b Hiram$f1875-1956$pRepublican (CT)$0463205 801 0$bWYU 801 1$bWYU 801 2$bOCLCO 801 2$bOCLCQ 906 $aBOOK 912 $a9910716258803321 996 $aBridge across the Tennessee River near Whitesburg Ferry, Ala. March 6 (calendar day, March 8), 1926. -- Ordered to be printed$93463161 997 $aUNINA